|
|
|
|
| LEADER |
00000nab a2200000 a 4500 |
| 001 |
vtls000422329 |
| 003 |
SK-MaSNL |
| 005 |
20260319075204.0 |
| 008 |
150501c1988 xo 0 ger |
| 015 |
|
|
|a SNBRA19rr/mm-uuuuu
|
| 035 |
|
|
|a CL0422457
|
| 040 |
|
|
|a SNKBUCL
|b slo
|c SNKBUCL
|e AACR2
|
| 041 |
0 |
|
|a slo
|
| 044 |
|
|
|a xo
|c SK
|
| 080 |
|
|
|a 621.434.03
|2 1981
|
| 100 |
1 |
|
|a Klotzbach, Peter
|4 aut
|9 965538
|
| 245 |
1 |
0 |
|a Ecotronic - ein modernes, elektronisches Vergasersystem zur Erfüllung der amerikanischen Abgasemissionen (US 83)
|c Peter Klotzbach
|
| 300 |
|
|
|b Obr. 4. Sch. 1. Grafy 17. Res. angl., lit. 3 zázn. v nem.
|
| 650 |
0 |
7 |
|a benzínové motory
|2 snkbucl
|9 86772
|
| 655 |
|
7 |
|a články zo zborníkov
|2 snkbucl
|9 166140
|
| 773 |
0 |
|
|t Motor sympo 88. 2
|d Žilina : Dom techniky ČSVTS, 1988
|g S. 356-367
|
| 850 |
|
|
|a Slovenská národná knižnica v Martine
|a MTA001
|
| 852 |
|
|
|a SNK
|b KIS3GCP
|
| 958 |
|
|
|a RK
|
| 958 |
|
|
|a DE
|
| 992 |
|
|
|a RZB
|
| 999 |
|
|
|c 1544484
|d 1546414
|